000 00844nam a22002177a 4500
999 _c20738
_d20738
003 AR-CdUCM
008 190319b ||||| |||| 00| 0 spa d
040 _aMUNICIPALIDAD PROVINCIAL DEL CUSCO
_cBIBLIOTECA MUNICIPAL DEL CUSCO
082 _a909 /
_bC2
100 _aCantú, César
_918527
245 _aHistoria universal /
_bCésar Cantú
260 _aParis :
_bGarnier hermanos.
300 _a38 tomos. :
_c18 cm.
500 _aTomos 1
505 _aContenido: Desde la creación hasta la dispersión de los hombres -- Desde la dispersión de los pueblos hasta las olimpiadas -- De las bellas artes en general y especialmente en la India y el Egipto ...
650 _aHistoria Universal
_91423
650 _aHistoria de la humanidad
_914179
700 _aEnseñat, Juan B. (traductor)
_943310
942 _2ddc
_cLIBROS
945 _aJavier